000 00527cam a22002171 4500
001 sa 67005550
003 DLC
005 20260227112358.0
008 890705s1966 ii 000 0 beno
010 _asa 67005550
035 _a(OCoLC)19963482
040 _aDLC
_cWaU
_dDLC
042 _apremarc
050 0 0 _aPK1727.P6
_bB6
100 1 _aBose, Buddhadeva.
245 1 0 _aKabi Rabīndranātha.
260 _c[1966]
300 _a142 p.
_c23 cm.
500 _aIn Bengali.
600 1 0 _aTagore, Rabindranath,
_d1861-1941.
999 _c75265
_d75265